000 00549nam a2200193Ia 4500
005 20250423094311.0
008 250422s9999 xx 000 0 und d
020 _a9781133135128
050 _aTK 7887 .A53/
100 _aAndrews, Jean.
245 0 _aA+ guide to hardware : managing maintaining, and troubleshooting
250 _a6th ed.
260 _aBoston
260 _bCourse Technology
260 _c2014
300 _a696 p
650 _aMicrocomputers--Maintenance and repair--Management. Microcomputers--Upgrading.
942 _cBK
999 _c26845
_d26845